Multi Agent Robotic System Design for Team NUST in RoboCup SPL (Record no. 13249)

000 -LEADER
fixed length control field 00596nam a22002057a 4500
003 - CONTROL NUMBER IDENTIFIER
control field NUST
038 ## - RECORD CONTENT LICENSOR
Staff Name a
082 ## - DEWEY DECIMAL CLASSIFICATION NUMBER
Classification number BE-EE-3
100 ## - MAIN ENTRY--PERSONAL NAME
Personal name Muhammad Talha Imran
9 (RLIN) 92855
245 ## - TITLE STATEMENT
Title Multi Agent Robotic System Design for Team NUST in RoboCup SPL
260 ## - PUBLICATION, DISTRIBUTION, ETC.
Place of publication, distribution, etc. Islamabad
Name of publisher, distributor, etc. NUST-SEECS
Date of publication, distribution, etc. 2015
300 ## - PHYSICAL DESCRIPTION
Extent 87
Accompanying material CD Include
500 ## - GENERAL NOTE
General note Supervisors: Dr. Yasar Ayaz, Dr. Rehan Hafiz
563 ## - BINDING INFORMATION
Binding note a
700 ## - ADDED ENTRY--PERSONAL NAME
Personal name Abdul Rehman
9 (RLIN) 20929
700 ## - ADDED ENTRY--PERSONAL NAME
Personal name Maham Tanveer
9 (RLIN) 92856
700 ## - ADDED ENTRY--PERSONAL NAME
Personal name Shams ul Azeem
9 (RLIN) 92857
856 ## - ELECTRONIC LOCATION AND ACCESS
Uniform Resource Identifier <a href=" http://10.250.8.41:8080/xmlui/handle/123456789/10825"> http://10.250.8.41:8080/xmlui/handle/123456789/10825</a>
942 ## - ADDED ENTRY ELEMENTS (KOHA)
Koha item type Project Report
Source of classification or shelving scheme
Holdings
Withdrawn status Lost status Damaged status Not for loan Collection code Permanent Location Current Location Shelving location Date acquired Full call number Barcode Date last seen Price effective from Koha item type Source of classification or shelving scheme
WITHDRAWN         Central Library (CL) Central Library (CL) General Stacks 07/07/2015 BE-EE-3 TAL SEECSP01653 07/05/2015 07/05/2015 Project Report  
WITHDRAWN         Central Library (CL) Central Library (CL) Thesis 10/27/2020 621.3 CL-BP-543 10/27/2020 10/27/2020 Project Report  
© 2023 Central Library, National University of Sciences and Technology. All Rights Reserved.